000 00464nam a2200205Ia 4500
003 OSt
005 20221129152253.0
008 210210b1940 xxu||||| |||| 00| 0 eng d
040 _cAL
041 _aeng
082 _a532/76
100 _aROBERTS (J K)
_964180
245 _aHeat and thermodynamics
250 _a3
260 _aLondon
_bBlackie and Son Limited
_c1940
300 _axvi,488
690 _aHeat
_964181
906 _a008441
942 _2ddc
_cBK
999 _c126375
_d126375